[Event "DSJ Weihnachtsturnier U20 2020"]
[Site "https://play.chessbase.com/en/play?room=DSJWeihnachtU20"]
[Date "2020.12.29"]
[Round "7"]
[White "Tovmasyan, Minas"]
[Black "Huber, Benedikt"]
[Result "0-1"]
[Termination "normal"]
[Board "11.2"]
[WhiteElo "1771"]
[BlackElo "1613"]
[WhiteTeam "TuS Makkabi Rostock"]
[BlackTeam "SK Kelheim 1920"]
[PlyCount "62"]
[WhiteFideId "16247620"]
[BlackFideId "16281225"]
[EventRounds "7"]
[EventType "team-swiss"]
[EventDate "2020.12.29"]

1. d4 {[%emt 0:00:04]} d5 {[%emt 0:00:01]} 2. c4 {[%emt 0:00:02]} c6 {[%emt
0:00:02]} 3. cxd5 {[%emt 0:00:01]} cxd5 {[%emt 0:00:01]} 4. Bf4 {[%emt
0:00:00]} Nf6 {[%emt 0:00:03]} 5. e3 {[%emt 0:00:01]} Nc6 {[%emt 0:00:02]} 6.
Nc3 { [%emt 0:00:02]} Bf5 {[%emt 0:00:02]} 7. Be2 {[%emt 0:00:01]} e6 {[%emt
0:00:02] } 8. g4 {[%emt 0:00:02]} Bg6 {[%emt 0:00:04]} 9. h4 {[%emt 0:00:01]}
h6 { [%emt 0:01:08]} 10. Nh3 {[%emt 0:00:40]} Be7 {[%emt 0:00:10]} 11. O-O
{[%emt 0:00:06]} O-O {[%emt 0:00:21]} 12. h5 {[%emt 0:00:58]} Bh7 {[%emt
0:00:16]} 13. Bg3 {[%emt 0:00:07]} Rc8 {[%emt 0:00:40]} 14. Rc1 {[%emt
0:00:18]} a6 {[%emt 0:00:18]} 15. a3 {[%emt 0:01:18]} Na5 {[%emt 0:00:38]} 16.
Na4 {[%emt 0:00:37]} Nc4 {[%emt 0:01:27]} 17. Bxc4 {[%emt 0:03:11]} dxc4 {[%emt
0:00:00]} 18. b4 { [%emt 0:00:16]} a5 {[%emt 0:02:10]} 19. Nc5 {[%emt 0:01:20]}
b6 {[%emt 0:00:26] } 20. Na6 {[%emt 0:00:41]} Be4 {[%emt 0:00:09]} 21. bxa5
{[%emt 0:00:36]} Bb7 { [%emt 0:00:07]} 22. Nb4 {[%emt 0:00:07]} bxa5 {[%emt
0:00:01]} 23. Nc2 { [%emt 0:00:07]} Ne4 {[%emt 0:00:10]} 24. Bf4 {[%emt
0:00:10]} c3 {[%emt 0:00:06]} 25. Qd3 {[%emt 0:00:04]} Qd5 {[%emt 0:00:14]} 26.
f3 {[%emt 0:00:02]} Nd2 {[%emt 0:00:55]} 27. e4 {[%emt 0:00:01]} Qc6 {[%emt
0:00:04]} 28. Bxd2 { [%emt 0:00:01]} cxd2 {[%emt 0:00:03]} 29. Qxd2 {[%emt
0:00:00]} Qc3 {[%emt 0:00:08]} 30. Qxc3 {[%emt 0:00:06]} Rxc3 {[%emt 0:00:03]}
31. Ne1 {[%emt 0:00:02] } Rxc1 {[%emt 0:00:05]} 0-1

[Event "DSJ Weihnachtsturnier U20 2020"]
[Site "https://play.chessbase.com/en/play?room=DSJWeihnachtU20"]
[Date "2020.12.29"]
[Round "7"]
[White "Gold, Florian"]
[Black "Elsken Sicard, Fabian"]
[Result "1/2-1/2"]
[Termination "normal"]
[Board "11.3"]
[WhiteElo "1769"]
[BlackElo "1469"]
[WhiteTeam "SK Kelheim 1920"]
[BlackTeam "TuS Makkabi Rostock"]
[PlyCount "157"]
[WhiteFideId "16220536"]
[BlackFideId "16247612"]
[EventRounds "7"]
[EventType "team-swiss"]
[EventDate "2020.12.29"]

1. e4 {[%emt 0:00:02] Kelheim1-003 : My e2e4 repeat. Rostock1-003 kibitzing!?}
c5 {[%emt 0:00:07]} 2. Nc3 {[%emt 0:00:02]} Nc6 { [%emt 0:00:03]} 3. g3 {[%emt
0:00:01]} g6 {[%emt 0:00:02]} 4. Bg2 {[%emt 0:00:01]} Bg7 {[%emt 0:00:01]} 5.
d3 {[%emt 0:00:01]} e6 {[%emt 0:00:01]} 6. Be3 { [%emt 0:00:01]} b6 {[%emt
0:00:04]} 7. Qd2 {[%emt 0:00:01]} Nge7 {[%emt 0:00:05]} 8. Bh6 {[%emt 0:00:03]}
O-O {[%emt 0:00:01]} 9. h4 {[%emt 0:00:01]} d5 { [%emt 0:00:27]} 10. h5 {[%emt
0:00:07]} dxe4 {[%emt 0:00:12]} 11. Bxg7 { [%emt 0:00:42]} Kxg7 {[%emt
0:00:17]} 12. hxg6 {[%emt 0:00:04]} e3 {[%emt 0:00:18]} 13. Qxe3 {[%emt
0:00:09]} Nf5 {[%emt 0:00:02]} 14. Qd2 {[%emt 0:00:31]} Bb7 {[%emt 0:00:11]}
15. gxh7 {[%emt 0:01:33]} Rh8 {[%emt 0:00:59]} 16. O-O-O { [%emt 0:00:44]} Na5
{[%emt 0:00:45]} 17. Bxb7 {[%emt 0:00:37]} Nxb7 {[%emt 0:00:00]} 18. g4 {[%emt
0:00:01]} Nh4 {[%emt 0:00:10]} 19. Nf3 {[%emt 0:00:06]} Rxh7 {[%emt 0:00:07]}
20. Ng5 {[%emt 0:00:48]} Rh8 {[%emt 0:00:06]} 21. Qf4 { [%emt 0:00:18]} Qf6
{[%emt 0:00:17]} 22. Qe3 {[%emt 0:00:43]} Ng2 {[%emt 0:00:17]} 23. Qd2 {[%emt
0:00:17]} Nd6 {[%emt 0:00:30]} 24. Nce4 {[%emt 0:00:32]} Nxe4 {[%emt 0:00:05]}
25. Nxe4 {[%emt 0:00:05]} Qf4 {[%emt 0:00:04]} 26. Qxf4 { [%emt 0:00:44]} Nxf4
{[%emt 0:00:00]} 27. Kd2 {[%emt 0:00:05]} Rad8 {[%emt 0:00:13]} 28. Ke3 {[%emt
0:00:21]} Nd5+ {[%emt 0:00:08]} 29. Kf3 {[%emt 0:00:03]} f5 {[%emt 0:00:28]}
30. gxf5 {[%emt 0:00:14]} exf5 {[%emt 0:00:05]} 31. Ng3 { [%emt 0:00:01]} Kf6
{[%emt 0:00:40]} 32. Rxh8 {[%emt 0:00:13]} Rxh8 {[%emt 0:00:03]} 33. Rh1 {[%emt
0:00:01]} Rxh1 {[%emt 0:00:03]} 34. Nxh1 {[%emt 0:00:00] } Nb4 {[%emt 0:00:01]}
35. c3 {[%emt 0:00:16]} Nxd3 {[%emt 0:00:02]} 36. Ng3 { [%emt 0:00:07]} Nxb2
{[%emt 0:00:05]} 37. Kf4 {[%emt 0:00:07]} Nd3+ {[%emt 0:00:03]} 38. Ke3 {[%emt
0:00:02]} c4 {[%emt 0:00:28]} 39. Nh5+ {[%emt 0:00:27]} Kg5 {[%emt 0:00:04]}
40. Ng7 {[%emt 0:00:04]} Kf6 {[%emt 0:00:19]} 41. Ne8+ { [%emt 0:00:09]} Ke5
{[%emt 0:00:03]} 42. Nc7 {[%emt 0:00:22]} f4+ {[%emt 0:00:05]} 43. Ke2 {[%emt
0:00:05]} Nc1+ {[%emt 0:00:04]} 44. Kd2 {[%emt 0:00:05]} Nxa2 {[%emt 0:00:04]}
45. Nb5 {[%emt 0:00:01]} a6 {[%emt 0:00:05]} 46. Nc7 { [%emt 0:00:01]} a5
{[%emt 0:00:13]} 47. Nb5 {[%emt 0:00:05]} Ke4 {[%emt 0:00:24]} 48. Nd4 {[%emt
0:00:02]} a4 {[%emt 0:00:28]} 49. f3+ {[%emt 0:00:02]} Kd5 {[%emt 0:00:07]} 50.
Kc2 {[%emt 0:00:04]} a3 {[%emt 0:00:08]} 51. Nb5 {[%emt 0:00:01]} Kc5 {[%emt
0:00:10]} 52. Nxa3 {[%emt 0:00:02]} b5 {[%emt 0:00:03]} 53. Kb2 {[%emt
0:00:02]} Nxc3 {[%emt 0:00:02]} 54. Nc2 {[%emt 0:00:28]} Na4+ { [%emt 0:00:14]}
55. Ka3 {[%emt 0:00:01]} Nc3 {[%emt 0:00:05]} 56. Kb2 {[%emt 0:00:01]} b4
{[%emt 0:00:03]} 57. Ne1 {[%emt 0:00:03]} Ne2 {[%emt 0:00:07]} 58. Kc2 {[%emt
0:00:01]} Nd4+ {[%emt 0:00:02]} 59. Kb2 {[%emt 0:00:01]} c3+ { [%emt 0:00:03]}
60. Kc1 {[%emt 0:00:01]} Kc4 {[%emt 0:00:01]} 61. Kb1 {[%emt 0:00:03]} b3
{[%emt 0:00:02]} 62. Kc1 {[%emt 0:00:01]} Ne2+ {[%emt 0:00:18]} 63. Kd1 {[%emt
0:00:03]} b2 {[%emt 0:00:12]} 64. Kc2 {[%emt 0:00:01]} Nd4+ { [%emt 0:00:02]}
65. Kb1 {[%emt 0:00:02]} Kb3 {[%emt 0:00:04]} 66. Nc2 {[%emt 0:00:03]} Nxf3
{[%emt 0:00:06]} 67. Nd4+ {[%emt 0:00:02]} Ka3 {[%emt 0:00:12]} 68. Nxf3 {[%emt
0:00:01]} c2+ {[%emt 0:00:05]} 69. Kxc2 {[%emt 0:00:01]} Ka2 { [%emt 0:00:01]}
70. Nd2 {[%emt 0:00:01]} f3 {[%emt 0:00:02]} 71. Kd1 {[%emt 0:00:01]} Ka3
{[%emt 0:00:17]} 72. Ke1 {[%emt 0:00:01]} Kb4 {[%emt 0:00:02]} 73. Kf2 {[%emt
0:00:04]} Kc3 {[%emt 0:00:01]} 74. Nb1+ {[%emt 0:00:04]} Kc2 { [%emt 0:00:03]}
75. Na3+ {[%emt 0:00:01]} Kb3 {[%emt 0:00:05]} 76. Nb1 { [%emt 0:00:01]} Ka2
{[%emt 0:00:04]} 77. Nd2 {[%emt 0:00:01]} b1=Q {[%emt 0:00:08]} 78. Nxb1 {[%emt
0:00:01]} Kxb1 {[%emt 0:00:02]} 79. Kxf3 {[%emt 0:00:00]} 1/2-1/2

[Event "DSJ Weihnachtsturnier U20 2020"]
[Site "https://play.chessbase.com/en/play?room=DSJWeihnachtU20"]
[Date "2020.12.29"]
[Round "7"]
[White "Röste, Hugo"]
[Black "Piehler, Sebastian"]
[Result "1/2-1/2"]
[Termination "normal"]
[Board "11.4"]
[WhiteElo "1597"]
[BlackElo "1603"]
[WhiteTeam "TuS Makkabi Rostock"]
[BlackTeam "SK Kelheim 1920"]
[PlyCount "156"]
[WhiteFideId "16247604"]
[BlackFideId "16222032"]
[EventRounds "7"]
[EventType "team-swiss"]
[EventDate "2020.12.29"]

1. d4 {[%emt 0:00:07]} Nf6 {[%emt 0:00:03]} 2. c4 {[%emt 0:00:06]} e6 {[%emt
0:00:01]} 3. Nc3 {[%emt 0:00:04]} d5 {[%emt 0:00:02]} 4. Bg5 {[%emt 0:00:14]}
Be7 {[%emt 0:00:02]} 5. e3 {[%emt 0:00:32]} O-O {[%emt 0:00:03]} 6. Nf3 {[%emt
0:00:04]} Nbd7 {[%emt 0:00:03]} 7. c5 {[%emt 0:00:12]} c6 {[%emt 0:00:16]} 8.
Bd3 {[%emt 0:00:04]} h6 {[%emt 0:00:04]} 9. Bf4 {[%emt 0:00:07]} Nh5 {[%emt
0:00:22]} 10. O-O {[%emt 0:00:21]} Nxf4 {[%emt 0:00:10]} 11. exf4 {[%emt
0:00:04]} b6 {[%emt 0:00:21]} 12. b4 {[%emt 0:00:03]} bxc5 {[%emt 0:00:03]} 13.
bxc5 { [%emt 0:00:03]} a5 {[%emt 0:00:22]} 14. a4 {[%emt 0:00:13]} Ba6 {[%emt
0:00:11] } 15. Bxa6 {[%emt 0:00:07]} Rxa6 {[%emt 0:00:00]} 16. Rb1 {[%emt
0:00:03]} Qc7 {[%emt 0:00:17]} 17. Qc2 {[%emt 0:00:14]} Ra7 {[%emt 0:00:31]}
18. Ne5 { [%emt 0:00:10]} Bf6 {[%emt 0:00:24]} 19. Rb3 {[%emt 0:00:27]} Nb8
{[%emt 0:00:33]} 20. Rfb1 {[%emt 0:00:08]} Na6 {[%emt 0:00:04]} 21. Na2 {[%emt
0:00:08]} Bxe5 {[%emt 0:01:39]} 22. fxe5 {[%emt 0:00:06]} f6 {[%emt 0:00:42]}
23. exf6 { [%emt 0:00:37]} Rxf6 {[%emt 0:00:05]} 24. Qb2 {[%emt 0:00:07]} Rf7
{[%emt 0:00:15]} 25. Rb6 {[%emt 0:00:09]} Re7 {[%emt 0:00:23]} 26. Qe2 {[%emt
0:00:09]} Nb4 {[%emt 0:00:47]} 27. Nxb4 {[%emt 0:00:03]} axb4 {[%emt 0:00:02]}
28. R1xb4 { [%emt 0:00:03]} e5 {[%emt 0:00:02]} 29. Rb8+ {[%emt 0:00:25]} Kh7
{[%emt 0:00:04]} 30. Qc2+ {[%emt 0:00:59]} e4 {[%emt 0:00:05]} 31. Qb1 {[%emt
0:00:33]} Qf4 {[%emt 0:00:27]} 32. h3 {[%emt 0:00:38]} Rf7 {[%emt 0:00:03]} 33.
Qc2 {[%emt 0:00:21]} g6 {[%emt 0:00:42]} 34. Qe2 {[%emt 0:00:41]} Qc1+ {[%emt
0:00:49]} 35. Kh2 {[%emt 0:00:07]} Qf4+ {[%emt 0:00:05]} 36. Kg1 {[%emt
0:00:11]} Rae7 { [%emt 0:00:10]} 37. Rb3 {[%emt 0:00:15]} Ra7 {[%emt 0:00:17]}
38. R8b4 { [%emt 0:00:19]} Rae7 {[%emt 0:00:05]} 39. a5 {[%emt 0:00:10]} Ra7
{[%emt 0:00:03]} 40. Ra4 {[%emt 0:00:13]} Rf8 {[%emt 0:00:10]} 41. a6 {[%emt
0:00:07]} Rfa8 {[%emt 0:00:02]} 42. Rb6 {[%emt 0:00:06]} Qc7 {[%emt 0:00:04]}
43. Qb2 { [%emt 0:00:08]} e3 {[%emt 0:00:16]} 44. fxe3 {[%emt 0:00:05]} Rf8
{[%emt 0:00:09]} 45. Rb7 {[%emt 0:00:07]} Rxb7 {[%emt 0:00:01]} 46. Qxb7 {[%emt
0:00:03]} Qxb7 {[%emt 0:00:01]} 47. axb7 {[%emt 0:00:02]} Rb8 {[%emt 0:00:01]}
48. Rb4 { [%emt 0:00:04]} Kg7 {[%emt 0:00:01]} 49. Kf2 {[%emt 0:00:02]} Kf6
{[%emt 0:00:01]} 50. Kf3 {[%emt 0:00:05]} Ke6 {[%emt 0:00:03]} 51. e4 {[%emt
0:00:03]} Rf8+ {[%emt 0:00:05]} 52. Ke3 {[%emt 0:00:02]} Rb8 {[%emt 0:00:01]}
53. exd5+ { [%emt 0:00:09]} Kxd5 {[%emt 0:00:01]} 54. Rb6 {[%emt 0:00:05]} g5
{[%emt 0:00:03]} 55. g3 {[%emt 0:00:04]} h5 {[%emt 0:00:02]} 56. Kd3 {[%emt
0:00:08]} h4 { [%emt 0:00:03]} 57. gxh4 {[%emt 0:00:06]} gxh4 {[%emt 0:00:00]}
58. Rb2 { [%emt 0:00:04]} Ke6 {[%emt 0:00:03]} 59. Kc4 {[%emt 0:00:03]} Kd7
{[%emt 0:00:02]} 60. d5 {[%emt 0:00:02]} Kc7 {[%emt 0:00:03]} 61. dxc6 {[%emt
0:00:13]} Kxc6 {[%emt 0:00:01]} 62. Rb6+ {[%emt 0:00:03]} Kc7 {[%emt 0:00:02]}
63. Kd5 { [%emt 0:00:11]} Rd8+ {[%emt 0:00:05]} 64. Ke5 {[%emt 0:00:10]} Re8+
{[%emt 0:00:02]} 65. Kf6 {[%emt 0:00:08]} Rd8 {[%emt 0:00:03]} 66. b8=Q+ {[%emt
0:00:05] } Rxb8 {[%emt 0:00:01]} 67. Rxb8 {[%emt 0:00:02]} Kxb8 {[%emt
0:00:00]} 68. Kg5 {[%emt 0:00:08]} Kc7 {[%emt 0:00:00]} 69. Kxh4 {[%emt
0:00:01]} Kc6 {[%emt 0:00:00]} 70. Kg5 {[%emt 0:00:00]} Kxc5 {[%emt 0:00:00]}
71. Kg6 {[%emt 0:00:01]} Kd6 {[%emt 0:00:00]} 72. h4 {[%emt 0:00:01]} Ke7
{[%emt 0:00:00]} 73. h5 { [%emt 0:00:01]} Kf8 {[%emt 0:00:00]} 74. Kh7 {[%emt
0:00:02]} Kf7 {[%emt 0:00:01]} 75. Kh6 {[%emt 0:00:01]} Kf6 {[%emt 0:00:01]}
76. Kh7 {[%emt 0:00:00]} Kf7 {[%emt 0:00:01]} 77. Kh6 {[%emt 0:00:01]} Kf6
{[%emt 0:00:01]} 78. Kh7 { [%emt 0:00:00]} Kf7 {[%emt 0:00:01]} 1/2-1/2

[Event "DSJ Weihnachtsturnier U20 2020"]
[Site "https://play.chessbase.com/en/play?room=DSJWeihnachtU20"]
[Date "2020.12.29"]
[Round "7"]
[White "Fidlin, Simon"]
[Black "Kamp, Aaron"]
[Result "1-0"]
[Termination "normal"]
[Board "12.1"]
[WhiteElo "1862"]
[BlackElo "1771"]
[WhiteTeam "Karlsruher SF 1853 2"]
[BlackTeam "Schachklub Münster 32 2"]
[PlyCount "119"]
[WhiteFideId "16217535"]
[BlackFideId "16231120"]
[EventRounds "7"]
[EventType "team-swiss"]
[EventDate "2020.12.29"]

1. e4 {[%emt 0:00:11]} c5 {[%emt 0:00:02]} 2. Nf3 {[%emt 0:00:04]} Nc6 { [%emt
0:00:03]} 3. d4 {[%emt 0:00:07]} cxd4 {[%emt 0:00:02]} 4. Nxd4 {[%emt 0:00:02]}
d6 {[%emt 0:00:38]} 5. Nc3 {[%emt 0:00:04]} Nf6 {[%emt 0:00:10]} 6. Bg5 {[%emt
0:00:03]} g6 {[%emt 0:00:10]} 7. Bxf6 {[%emt 0:00:04]} exf6 {[%emt 0:00:02]} 8.
Nd5 {[%emt 0:00:19]} Be6 {[%emt 0:00:26]} 9. Bb5 {[%emt 0:00:20]} Rc8 { [%emt
0:00:24]} 10. O-O {[%emt 0:00:08]} a6 {[%emt 0:00:05]} 11. Ba4 {[%emt 0:00:16]}
Bg7 {[%emt 0:00:23]} 12. Nf4 {[%emt 0:00:48]} Bc4 {[%emt 0:00:50]} 13. Re1
{[%emt 0:00:18]} O-O {[%emt 0:00:04]} 14. Bxc6 {[%emt 0:00:43]} bxc6 { [%emt
0:00:05]} 15. b3 {[%emt 0:00:04]} Bb5 {[%emt 0:00:21]} 16. c4 {[%emt 0:00:03]}
f5 {[%emt 0:00:10]} 17. Rc1 {[%emt 0:00:14]} c5 {[%emt 0:00:07]} 18. cxb5
{[%emt 0:00:11]} cxd4 {[%emt 0:00:13]} 19. bxa6 {[%emt 0:00:06]} fxe4 { [%emt
0:00:41]} 20. Rxe4 {[%emt 0:00:15]} Qa5 {[%emt 0:00:28]} 21. g3 {[%emt
0:00:48]} Qxa6 {[%emt 0:00:37]} 22. Nd5 {[%emt 0:00:16]} Rxc1 {[%emt 0:00:43]}
23. Qxc1 {[%emt 0:00:08]} Qxa2 {[%emt 0:00:05]} 24. Qd1 {[%emt 0:00:22]} Qa8 {
[%emt 0:00:11]} 25. Ne7+ {[%emt 0:00:14]} Kh8 {[%emt 0:00:02]} 26. Re1 { [%emt
0:00:01]} Qb7 {[%emt 0:00:15]} 27. Qd3 {[%emt 0:00:12]} Bf6 {[%emt 0:00:15]}
28. Qe2 {[%emt 0:00:46]} Qxe7 {[%emt 0:00:40]} 29. Qxe7 {[%emt 0:00:04]} Bxe7
{[%emt 0:00:02]} 30. Rxe7 {[%emt 0:00:03]} Rb8 {[%emt 0:00:04]} 31. Rd7 { [%emt
0:00:09]} Rb6 {[%emt 0:00:15]} 32. Kf1 {[%emt 0:00:02]} Kg7 {[%emt 0:00:12]}
33. Ke2 {[%emt 0:00:02]} Kf6 {[%emt 0:00:04]} 34. Kd3 {[%emt 0:00:02]} Ke6
{[%emt 0:00:02]} 35. Rd8 {[%emt 0:00:03]} Rb4 {[%emt 0:00:07]} 36. h4 {[%emt
0:00:11]} Kd5 {[%emt 0:00:04]} 37. Kc2 {[%emt 0:00:10]} Rb7 {[%emt 0:00:22]}
38. Ra8 {[%emt 0:00:17]} Rc7+ {[%emt 0:00:03]} 39. Kd2 {[%emt 0:00:06]} Rc3 {
[%emt 0:00:12]} 40. b4 {[%emt 0:00:20]} Rb3 {[%emt 0:00:04]} 41. Rb8 {[%emt
0:00:21]} Rb2+ {[%emt 0:00:13]} 42. Ke1 {[%emt 0:00:04]} Kc4 {[%emt 0:00:04]}
43. Rb7 {[%emt 0:00:05]} f5 {[%emt 0:00:35]} 44. Rxh7 {[%emt 0:00:09]} Rxb4 {
[%emt 0:00:05]} 45. Rd7 {[%emt 0:00:10]} d5 {[%emt 0:00:07]} 46. Ra7 {[%emt
0:00:18]} d3 {[%emt 0:00:02]} 47. Kd2 {[%emt 0:00:03]} Rb2+ {[%emt 0:00:02]}
48. Ke1 {[%emt 0:00:03]} Kc3 {[%emt 0:00:08]} 49. Ra3+ {[%emt 0:00:03]} Rb3 {
[%emt 0:00:02]} 50. Ra1 {[%emt 0:00:07]} d2+ {[%emt 0:00:06]} 51. Kd1 {[%emt
0:00:08]} Kd3 {[%emt 0:00:04]} 52. f3 {[%emt 0:00:08]} Rc3 {[%emt 0:00:10]} 53.
g4 {[%emt 0:00:03]} fxg4 {[%emt 0:00:11]} 54. fxg4 {[%emt 0:00:02]} Rc4 { [%emt
0:00:06]} 55. Ra3+ {[%emt 0:00:06]} Rc3 {[%emt 0:00:05]} 56. Rxc3+ { [%emt
0:00:06]} Kxc3 {[%emt 0:00:01]} 57. h5 {[%emt 0:00:00]} gxh5 {[%emt 0:00:02]}
58. gxh5 {[%emt 0:00:00]} d4 {[%emt 0:00:02]} 59. h6 {[%emt 0:00:01]} Kd3
{[%emt 0:00:02]} 60. h7 {[%emt 0:00:01]} 1-0

[Event "DSJ Weihnachtsturnier U20 2020"]
[Site "https://play.chessbase.com/en/play?room=DSJWeihnachtU20"]
[Date "2020.12.29"]
[Round "7"]
[White "Weidemann, Jakob"]
[Black "Hänselmann, Hendrik"]
[Result "1-0"]
[Termination "normal"]
[Board "12.2"]
[WhiteElo "1570"]
[BlackElo "1828"]
[WhiteTeam "Schachklub Münster 32 2"]
[BlackTeam "Karlsruher SF 1853 2"]
[PlyCount "38"]
[WhiteFideId "16255470"]
[BlackFideId "16232755"]
[EventRounds "7"]
[EventType "team-swiss"]
[EventDate "2020.12.29"]

1. e4 {[%emt 0:00:03]} c5 {[%emt 0:00:11]} 2. Nf3 {[%emt 0:00:16]} e6 {[%emt
0:00:02]} 3. d4 {[%emt 0:00:02]} cxd4 {[%emt 0:00:09]} 4. Nxd4 {[%emt 0:00:00]}
Nf6 {[%emt 0:00:02]} 5. Nc3 {[%emt 0:00:07]} Nc6 {[%emt 0:00:12]} 6. Ndb5 {
[%emt 0:00:05]} Bc5 {[%emt 0:00:03]} 7. Nd6+ {[%emt 0:00:09]} Ke7 {[%emt
0:00:01]} 8. Bf4 {[%emt 0:00:19]} e5 {[%emt 0:00:01]} 9. Nf5+ {[%emt 0:00:08]}
Kf8 { [%emt 0:00:02]} 10. Bg5 {[%emt 0:00:04]} d6 {[%emt 0:00:13]} 11. Ne3
{[%emt 0:00:20]} Be6 {[%emt 0:00:27]} 12. Ned5 {[%emt 0:00:21]} Bxf2+ {[%emt
0:00:38]} 13. Kxf2 {[%emt 0:00:06]} Ng4+ {[%emt 0:00:01]} 14. Qxg4 {[%emt
0:00:13]} Qa5 { [%emt 0:00:12]} 15. Qd1 {[%emt 0:00:10]} Nd4 {[%emt 0:00:12]}
16. Be3 {[%emt 0:00:10]} f5 {[%emt 0:00:07]} 17. Bxd4 {[%emt 0:00:09]} exd4
{[%emt 0:00:02]} 18. Qxd4 {[%emt 0:00:00]} fxe4 {[%emt 0:00:02]} 19. Qxe4
{[%emt 0:00:01]} Ke8 { [%emt 0:00:01]} 1-0

[Event "DSJ Weihnachtsturnier U20 2020"]
[Site "https://play.chessbase.com/en/play?room=DSJWeihnachtU20"]
[Date "2020.12.29"]
[Round "7"]
[White "Borodaev, Roman"]
[Black "Kvantaliani, Saba"]
[Result "0-1"]
[Termination "normal"]
[Board "12.3"]
[WhiteElo "1657"]
[BlackElo "1535"]
[WhiteTeam "Karlsruher SF 1853 2"]
[BlackTeam "Schachklub Münster 32 2"]
[PlyCount "92"]
[WhiteFideId "16274881"]
[BlackFideId "16284364"]
[EventRounds "7"]
[EventType "team-swiss"]
[EventDate "2020.12.29"]

1. e4 {[%emt 0:01:50]} c5 {[%emt 0:00:05]} 2. Nf3 {[%emt 0:00:07]} d6 {[%emt
0:00:02]} 3. d4 {[%emt 0:00:01]} Nf6 {[%emt 0:00:02]} 4. dxc5 {[%emt 0:00:10]}
Nxe4 {[%emt 0:00:02]} 5. cxd6 {[%emt 0:00:01]} Nxd6 {[%emt 0:00:03]} 6. Nc3 {
[%emt 0:00:03]} Nc6 {[%emt 0:00:02]} 7. Bb5 {[%emt 0:00:02]} Bd7 {[%emt
0:00:02]} 8. Bf4 {[%emt 0:00:04]} Nxb5 {[%emt 0:00:10]} 9. Nxb5 {[%emt
0:00:01]} Qa5+ {[%emt 0:00:06]} 10. Nc3 {[%emt 0:00:01]} g6 {[%emt 0:00:11]}
11. O-O { [%emt 0:00:02]} Bg7 {[%emt 0:00:03]} 12. Re1 {[%emt 0:00:06]} Be6
{[%emt 0:00:14]} 13. Qd3 {[%emt 0:00:24]} O-O {[%emt 0:00:09]} 14. Rad1 {[%emt
0:00:09]} Rad8 {[%emt 0:00:06]} 15. Qe3 {[%emt 0:00:13]} Bg4 {[%emt 0:00:50]}
16. a3 { [%emt 0:00:43]} e6 {[%emt 0:00:21]} 17. h3 {[%emt 0:00:03]} Bxf3
{[%emt 0:00:02]} 18. Qxf3 {[%emt 0:00:01]} Nd4 {[%emt 0:00:34]} 19. Qxb7 {[%emt
0:00:38]} Qf5 {[%emt 0:00:51]} 20. Bg3 {[%emt 0:00:47]} Nxc2 {[%emt 0:00:07]}
21. Rxd8 { [%emt 0:00:09]} Rxd8 {[%emt 0:00:06]} 22. Re2 {[%emt 0:00:04]} Qd3
{[%emt 0:00:18]} 23. Be5 {[%emt 0:00:26]} Nd4 {[%emt 0:01:34]} 24. Re3 {[%emt
0:00:43]} Qd2 {[%emt 0:01:23]} 25. Bxg7 {[%emt 0:00:32]} Kxg7 {[%emt 0:00:04]}
26. Qxa7 { [%emt 0:00:07]} Qxb2 {[%emt 0:00:03]} 27. Qc7 {[%emt 0:00:21]} Qb8
{[%emt 0:00:30]} 28. Qe7 {[%emt 0:00:25]} Nf5 {[%emt 0:00:25]} 29. Qc5 {[%emt
0:00:20]} Nxe3 {[%emt 0:00:03]} 30. Qxe3 {[%emt 0:00:01]} Qd6 {[%emt 0:00:10]}
31. Nb5 { [%emt 0:00:07]} Qd5 {[%emt 0:00:20]} 32. a4 {[%emt 0:00:06]} Qd1+
{[%emt 0:00:09]} 33. Kh2 {[%emt 0:00:01]} Qxa4 {[%emt 0:00:03]} 34. Qe5+ {[%emt
0:00:07]} Kg8 {[%emt 0:00:05]} 35. Nd6 {[%emt 0:00:12]} Qb4 {[%emt 0:00:21]}
36. Ne4 { [%emt 0:00:07]} Qb8 {[%emt 0:00:02]} 37. Qxb8 {[%emt 0:00:08]} Rxb8
{[%emt 0:00:02]} 38. Nf6+ {[%emt 0:00:01]} Kg7 {[%emt 0:00:02]} 39. Ne4 {[%emt
0:00:01]} Rb4 {[%emt 0:00:03]} 40. f3 {[%emt 0:00:01]} f5 {[%emt 0:00:03]} 41.
Nf2 { [%emt 0:00:01]} Rd4 {[%emt 0:00:04]} 42. Kg3 {[%emt 0:00:02]} Kf6 {[%emt
0:00:02]} 43. h4 {[%emt 0:00:05]} h6 {[%emt 0:00:02]} 44. Nh3 {[%emt 0:00:01]}
g5 { [%emt 0:00:03]} 45. hxg5+ {[%emt 0:00:01]} hxg5 {[%emt 0:00:01]} 46. Kf2 {
[%emt 0:00:04]} f4 {[%emt 0:00:04]} 0-1